000 00487nam a2200145 a 4500
001 000040095
005 20201002033920.0
008 130806s1966 xxu 000 0 spa d
040 _aDO-SdBNP
_bspa
_cBNPHU
041 1 7 _aspa
_2eng
245 0 0 _aHow to produce a better newspaper =
_bComo hacer un mejor periodico /.
246 1 3 _aComo hacer un mejor periodico
260 _aNew York :
_bIAPA Technical Center :
_bCentro Técnico de la Sip,
_c1966.
300 _a51 p. :
_bil., retrs. ;
_c20 cm.
999 _c39585
_d39585